أشغال المعادن / (Record no. 6337)
[ view plain ]
| 000 -الفاتح | |
|---|---|
| حقل البيانات ثابتة الطول | 01082nac a22002171u 4500 |
| 008 - عناصر البيانات ثابتة الطول - معلومات عامة | |
| حقل البيانات ثابتة الطول | 101220s xxu||||| |||| 00| 0 ara d |
| 082 ## - رقم تصنيف ديوى العشرى | |
| رقم التصنيف | 671.2 |
| رقم المادة | ج ر ا |
| 100 1# - المدخل الرئيسى - إسم شخصى | |
| الإسم الشخصى | جراف ، هايتز |
| 9 (RLIN) | 17375 |
| 245 ## - بيان العنوان | |
| العنوان | أشغال المعادن / |
| بيان المسئوليه,etc | هاينز جراف ؛ ترجمة عبد المنعم عاكف ؛ إشراف أنور محمود عبد الواحد |
| 260 ## - PUBLICATION, DISTRIBUTION, ETC. (IMPRINT) | |
| مكان الناشر او الموزع | القاهرة : |
| اسم الناشر او الموزع | مؤسسة الأهرام ، |
| تاريخ النشر أو التوزيع | [د . ت]. |
| 300 ## - الوصف المادى | |
| التعداد | 134 ص : |
| تفاصيل ماديه اخرى للوعاء | ايض ؛ |
| أبعاد الوعاء | 18 سم. |
| 490 #0 - بيان السلسلة | |
| -- | 17331 |
| عنوان السلسلة | الأسس التكنولوجية ؛ |
| -- | 17 |
| 500 ## - تبصرة عامة | |
| تبصرة عامة | هذا الكتاب ترجمة ل: Metal working |
| 650 ## - المدخل الاضافى بالموضوع-مصطلح موضوعى | |
| مصطلح موضوعي أو اسم جغرافي كعنصر مدخل | أشغال المعادن |
| 9 (RLIN) | 21591 |
| 650 ## - المدخل الاضافى بالموضوع-مصطلح موضوعى | |
| مصطلح موضوعي أو اسم جغرافي كعنصر مدخل | لحام المعادن |
| 9 (RLIN) | 21549 |
| 650 ## - المدخل الاضافى بالموضوع-مصطلح موضوعى | |
| 9 (RLIN) | 21587 |
| 700 1# - المدخل الاضافى - اسم شخصى | |
| الإسم الشخصى | عاكف ، عبد المنعم |
| 9 (RLIN) | 21592 |
| الدور | ترجمة |
| 700 1# - المدخل الاضافى - اسم شخصى | |
| الإسم الشخصى | عبد الواحد ، أنور محمود |
| 9 (RLIN) | 21593 |
| الدور | إشراف |
| 942 ## - عناصر المدخل الإضافي( كوها) | |
| Koha [default] item type | Book - Borrowing |
| سابقة رقم الطلب | 671.2 ج ر ا |
| مصدر التصنيف او مخطط الترفيف | Dewey Decimal Classification |
| حالة التراجع | حالة الفقد | مصدر التصنيف او خطة الترفيف | حالة تلف | ليس للاعارة | مجموعات كوها | المكان الدائم | المكان الحالي | موقع الترفيف | تاريخ الاكتساب | Source of acquisition | رقم الاستدعاء | الباركود | Date last seen | نوع الوعاء |
|---|---|---|---|---|---|---|---|---|---|---|---|---|---|---|
| Dewey Decimal Classification | Alef-Baa | Central Library | Central Library | First floor | 16/01/2011 | 671.2 ج ر ا | 000007903 | 15/07/2025 | Book - Borrowing |